Statistics for Sub-Districts of Israel with a Map

Click here to take the quiz!

General Stats

  • This quiz has been taken 547 times
  • The average score is 6 of 15

Answers on the Map

Answers color-coded by a green-red scale on the quiz's map according to % correct below.
 

Answer Stats

Provinces% Correct
Tel Aviv
96%
Jerusalem
95%
Haifa
82%
Golan
71%
Beersheba
50%
Ashkelon
36%
Acre
29%
Kinneret
25%
Petah Tikva
21%
Ramla
19%
Hadera
18%
Safed
18%
Rehovot
17%
Sharon
17%
Jezreel
14%

Score Distribution

Percentile by Number Answered

Percent of People with Each Score

Your Score History

You have not taken this quiz